Asian Capitals - Sudden Death - Statistics

General Stats
  • This quiz has been taken 41 times
  • The average score is 8 of 13
Answers on the Grid
Answers color-coded by a green-red scale on the quiz's grid according to % correct below.
Beijing
Kathmandu
Minsk
Doha
Managua
Cairo
Moscow
Bratislava
Reykjavík
Manila
Lomé
Dili
Bandar Seri Begawan
Kabul
Mogadishu
Tashkent
Yamoussoukro
La Paz/Sucre
Pyongyang
Warsaw
Hanoi
Vientiane
Ulaanbaatar
Sana'a
 
Answer Stats
Answer % Correct
Beijing
97%
Kathmandu
87%
Doha
77%
Hanoi
60%
Manila
60%
Pyongyang
60%
Ulaanbaatar
60%
Kabul
53%
Bandar Seri Begawan
50%
Tashkent
50%
Vientiane
47%
Dili
40%
Sana'a
40%
No matching quizzes found
Score Distribution
Percent of People with Each Score
Percentile by Number Answered
Your Score History
You have not taken this quiz